Normal view
MARC view
- Commutative rings
Entry Topical Term
001 - CONTROL NUMBER
- control field: 24977
003 - CONTROL NUMBER IDENTIFIER
- control field: IN-BhIIT
005 - DATE AND TIME OF LATEST TRANSACTION
- control field: 20241211102716.0
008 - FIXED-LENGTH DATA ELEMENTS
- fixed length control field: 241211|| aca||aabn | a|a d
040 ## - CATALOGING SOURCE
- Original cataloging agency: IN-BhIIT
- Transcribing agency: IN-BhIIT
150 ## - HEADING--TOPICAL TERM
- Topical term or geographic name entry element: Commutative rings
670 ## - SOURCE DATA FOUND
- Source citation: Work cat.: (IN-BhIIT)14541: Atiyah, Michael Francis, Author 24974, Introduction to commutative algebra /, [1969]